<?xml version="1.0" encoding="UTF-8"?>
<record
    xmlns:xsi="http://www.w3.org/2001/XMLSchema-instance"
    xsi:schemaLocation="http://www.loc.gov/MARC21/slim http://www.loc.gov/standards/marcxml/schema/MARC21slim.xsd"
    xmlns="http://www.loc.gov/MARC21/slim">

  <leader>02171nam a22003137a 4500</leader>
  <controlfield tag="001">10012</controlfield>
  <controlfield tag="003">FISKH</controlfield>
  <controlfield tag="005">20260327113555.0</controlfield>
  <controlfield tag="008">260327b        cb ||||| |||| 00| 0 eng d</controlfield>
  <datafield tag="020" ind1=" " ind2=" ">
    <subfield code="a">9789996388071</subfield>
  </datafield>
  <datafield tag="040" ind1=" " ind2=" ">
    <subfield code="a">FISKH</subfield>
    <subfield code="b">Bing</subfield>
    <subfield code="c">FISKH</subfield>
    <subfield code="d">FISKH</subfield>
  </datafield>
  <datafield tag="050" ind1=" " ind2=" ">
    <subfield code="a">PZ7</subfield>
  </datafield>
  <datafield tag="082" ind1=" " ind2=" ">
    <subfield code="a">398.2</subfield>
  </datafield>
  <datafield tag="100" ind1=" " ind2=" ">
    <subfield code="a">Socheata , Soth</subfield>
  </datafield>
  <datafield tag="245" ind1=" " ind2=" ">
    <subfield code="a">&#x1792;&#x17BB;&#x1784;&#x1791;&#x17B9;&#x1780; : </subfield>
    <subfield code="b">Bucket /</subfield>
    <subfield code="c">&#x1793;&#x17B7;&#x1796;&#x1793;&#x17D2;&#x1792;&#x1793;&#x17B7;&#x1784;&#x179A;&#x17C0;&#x1794;&#x179A;&#x17C0;&#x1784;&#x178A;&#x17C4;&#x1799; &#x17A2;&#x17D2;&#x1793;&#x1780;&#x179F;&#x17D2;&#x179A;&#x17B8; &#x179F;&#x17BB;&#x178F; &#x179F;&#x17BB;&#x1787;&#x17B6;&#x178F;&#x17B6; , &#x1796;&#x17B7;&#x1793;&#x17B7;&#x178F;&#x17D2;&#x1799;&#x17A2;&#x1780;&#x17D2;&#x1781;&#x179A;&#x17B6;&#x179C;&#x17B7;&#x179A;&#x17BB;&#x1791;&#x17D2;&#x1792;&#x17A2;&#x1780;&#x17D2;&#x179F;&#x179A;&#x1781;&#x17D2;&#x1798;&#x17C2;&#x179A; &#x17AF;&#x1780;&#x17A7;&#x178F;&#x17D2;&#x178F;&#x1798;&#x179F;&#x17B6;&#x179F;&#x17D2;&#x179A;&#x17D2;&#x178F;&#x17B6;&#x1785;&#x17B6;&#x179A;&#x17D2;&#x1799;&#x1794;&#x178E;&#x17D2;&#x178C;&#x17B7;&#x178F; &#x1781;&#x17C0;&#x179C; &#x1780;&#x17BB;&#x179F;&#x179B;&#x200B;  &#x1793;&#x17B7;&#x1784; &#x179B;&#x17C4;&#x1780;&#x200B; &#x1794;&#x17C9;&#x17B6;&#x1784; &#x1798;&#x17C9;&#x17B6;&#x179A;&#x17C9;&#x17B6;&#x178C;&#x17B8;</subfield>
  </datafield>
  <datafield tag="250" ind1=" " ind2=" ">
    <subfield code="a">&#x1794;&#x17C4;&#x17C7;&#x1796;&#x17BB;&#x1798;&#x17D2;&#x1796;&#x179B;&#x17BE;&#x1780;&#x1791;&#x17B8;&#x17E1;&#x1793;&#x17C5;&#x1794;&#x17D2;&#x179A;&#x1791;&#x17C1;&#x179F;&#x1780;&#x1798;&#x17D2;&#x1796;&#x17BB;&#x1787;&#x17B6; &#x1781;&#x17C2;&#x1798;&#x1780;&#x179A;&#x17B6; &#x1786;&#x17D2;&#x1793;&#x17B6;&#x17C6; &#x17E2;&#x17E0;&#x17E1;&#x17E5; &#x178A;&#x17C4;&#x1799; &#x179F;&#x17C0;&#x179C;&#x1797;&#x17C5;&#x1794;&#x17D2;&#x179A;&#x17B6;&#x1787;&#x17D2;&#x1789;&#x17B6;</subfield>
  </datafield>
  <datafield tag="260" ind1=" " ind2=" ">
    <subfield code="a">&#x1797;&#x17D2;&#x1793;&#x17C6;&#x1796;&#x17C1;&#x1789; : </subfield>
    <subfield code="b">&#x1782;&#x17D2;&#x179A;&#x17B9;&#x17C7;&#x179F;&#x17D2;&#x1790;&#x17B6;&#x1793;&#x1794;&#x17C4;&#x17C7;&#x1796;&#x17BB;&#x1798;&#x17D2;&#x1796;&#x1795;&#x17D2;&#x179F;&#x17B6;&#x1799;&#x179F;&#x17C0;&#x179C;&#x1797;&#x17C5;&#x1794;&#x17D2;&#x179A;&#x17B6;&#x1787;&#x17D2;&#x1789;&#x17B6; ,</subfield>
    <subfield code="c">2015 .</subfield>
  </datafield>
  <datafield tag="300" ind1=" " ind2=" ">
    <subfield code="a">17 pages : </subfield>
    <subfield code="b">color illustrations ;</subfield>
    <subfield code="c">26 cm . </subfield>
  </datafield>
  <datafield tag="505" ind1=" " ind2=" ">
    <subfield code="a">H 
</subfield>
  </datafield>
  <datafield tag="520" ind1=" " ind2=" ">
    <subfield code="a">&#x179A;&#x17BF;&#x1784;&#x1798;&#x17BD;&#x1799;&#x1793;&#x17C1;&#x17C7; &#x17A2;&#x1794;&#x17CB;&#x179A;&#x17C6;&#x17A2;&#x178F;&#x17D2;&#x178F;&#x1785;&#x179A;&#x17B7;&#x1780;&#x1794;&#x17D2;&#x17A2;&#x17BC;&#x1793;&#x17D7;&#x1780;&#x17BB;&#x1798;&#x17B6;&#x179A;&#x17A2;&#x17C4;&#x1799;&#x179F;&#x17D2;&#x1782;&#x17B6;&#x179B;&#x17CB;&#x1793;&#x17BC;&#x179C;&#x1797;&#x17B6;&#x1796;&#x1791;&#x1793;&#x17CB;&#x1781;&#x17D2;&#x179F;&#x17C4;&#x1799;&#x179A;&#x1794;&#x179F;&#x17CB;&#x1781;&#x17D2;&#x179B;&#x17BD;&#x1793; &#x1796;&#x17D2;&#x179A;&#x17C4;&#x17C7;&#x1780;&#x17B6;&#x179A;&#x1791;&#x1791;&#x17BD;&#x179B;&#x179F;&#x17D2;&#x1782;&#x17B6;&#x179B;&#x17CB;&#x1797;&#x17B6;&#x1796;&#x1791;&#x1793;&#x17CB;&#x1781;&#x17D2;&#x179F;&#x17C4;&#x1799;&#x1787;&#x17B6;&#x1780;&#x17B6;&#x179A;&#x178A;&#x17C2;&#x179B;&#x1788;&#x17B6;&#x1793;&#x1791;&#x17C5;&#x179A;&#x1780;&#x1780;&#x17B6;&#x179A;&#x17A2;&#x1797;&#x17B7;&#x179C;&#x178C;&#x17D2;&#x178D;&#x1793;&#x17CF; &#x178A;&#x17BE;&#x1798;&#x17D2;&#x1794;&#x17B8;&#x1787;&#x17BD;&#x1799;&#x1781;&#x17D2;&#x179B;&#x17BD;&#x1793;&#x17AF;&#x1784;&#x1793;&#x17B7;&#x1784;&#x17A2;&#x17D2;&#x1793;&#x1780;&#x178A;&#x1791;&#x17C3;&#x1791;&#x17C0;&#x178F;&#x1787;&#x17B6;&#x1785;&#x17D2;&#x179A;&#x17BE;&#x1793; &#x17D4; </subfield>
  </datafield>
  <datafield tag="520" ind1=" " ind2=" ">
    <subfield code="a">This story aims at educating kids to accept their weakness because recongnizing this weakness will enable them to turn their weakness to be helpful for themselves and other people . </subfield>
  </datafield>
  <datafield tag="521" ind1="8" ind2=" ">
    <subfield code="a">400 
</subfield>
    <subfield code="b">Lexile estimate 
</subfield>
  </datafield>
  <datafield tag="521" ind1="8" ind2=" ">
    <subfield code="a">H 
</subfield>
    <subfield code="b">Raz-Plus 
</subfield>
  </datafield>
  <datafield tag="650" ind1=" " ind2=" ">
    <subfield code="a">&#x1792;&#x17BB;&#x1784;&#x1791;&#x17B9;&#x1780;</subfield>
    <subfield code="v">&#x179A;&#x17BF;&#x1784;&#x1793;&#x17B7;&#x1791;&#x17B6;&#x1793;&#x1780;&#x17BB;&#x1798;&#x17B6;&#x179A;</subfield>
  </datafield>
  <datafield tag="650" ind1=" " ind2=" ">
    <subfield code="a">Bucket</subfield>
    <subfield code="v">Children's Stories </subfield>
  </datafield>
  <datafield tag="700" ind1=" " ind2=" ">
    <subfield code="a">Bunthon , Theak </subfield>
    <subfield code="e">Illustrator </subfield>
  </datafield>
  <datafield tag="942" ind1=" " ind2=" ">
    <subfield code="2">ddc</subfield>
    <subfield code="c">BK</subfield>
    <subfield code="n">0</subfield>
  </datafield>
  <datafield tag="999" ind1=" " ind2=" ">
    <subfield code="c">10012</subfield>
    <subfield code="d">10012</subfield>
  </datafield>
  <datafield tag="952" ind1=" " ind2=" ">
    <subfield code="0">0</subfield>
    <subfield code="1">0</subfield>
    <subfield code="2">lcc</subfield>
    <subfield code="4">0</subfield>
    <subfield code="7">0</subfield>
    <subfield code="8">Khmer-English Bilingual </subfield>
    <subfield code="a">002</subfield>
    <subfield code="b">002</subfield>
    <subfield code="c">TTP Khmer</subfield>
    <subfield code="d">2026-03-27</subfield>
    <subfield code="l">0</subfield>
    <subfield code="o">SOC PZ7 398.2</subfield>
    <subfield code="p">2026-0395</subfield>
    <subfield code="r">2026-03-27 11:35:00</subfield>
    <subfield code="w">2026-03-27</subfield>
    <subfield code="y">BK</subfield>
  </datafield>
</record>
